Electromagnetic Processing of Materials Materials Processing by Using Electric and Magnetic Functions /

This book is both a course book and a monograph. In fact, it has developed from notes given to graduate course students on materials processing in the years 1989 to 2006. Electromagnetic Processing of Materials (EPM), originates from a branch of materials science and engineering developed in the 198...

Πλήρης περιγραφή

Λεπτομέρειες βιβλιογραφικής εγγραφής
Κύριος συγγραφέας: Asai, Shigeo (Συγγραφέας)
Συγγραφή απο Οργανισμό/Αρχή: SpringerLink (Online service)
Μορφή: Ηλεκτρονική πηγή Ηλ. βιβλίο
Γλώσσα:English
Έκδοση: Dordrecht : Springer Netherlands : Imprint: Springer, 2012.
Σειρά:Fluid Mechanics and Its Applications, 99
Θέματα:
Διαθέσιμο Online:Full Text via HEAL-Link
LEADER 03976nam a22005655i 4500
001 978-94-007-2645-1
003 DE-He213
005 20151103122406.0
007 cr nn 008mamaa
008 120211s2012 ne | s |||| 0|eng d
020 |a 9789400726451  |9 978-94-007-2645-1 
024 7 |a 10.1007/978-94-007-2645-1  |2 doi 
040 |d GrThAP 
050 4 |a TA401-492 
072 7 |a TGM  |2 bicssc 
072 7 |a TEC021000  |2 bisacsh 
082 0 4 |a 620.11  |2 23 
100 1 |a Asai, Shigeo.  |e author. 
245 1 0 |a Electromagnetic Processing of Materials  |h [electronic resource] :  |b Materials Processing by Using Electric and Magnetic Functions /  |c by Shigeo Asai. 
264 1 |a Dordrecht :  |b Springer Netherlands :  |b Imprint: Springer,  |c 2012. 
300 |a XII, 176 p.  |b online resource. 
336 |a text  |b txt  |2 rdacontent 
337 |a computer  |b c  |2 rdamedia 
338 |a online resource  |b cr  |2 rdacarrier 
347 |a text file  |b PDF  |2 rda 
490 1 |a Fluid Mechanics and Its Applications,  |x 0926-5112 ;  |v 99 
505 0 |a Contents -- Preface -- Chapter 1: Development of Electromagnetic Processing of Materials -- Chapter 2: Transport Phenomena in Materials Processing -- Chapter 3: Magnetohydrodynamics in Materials Processing -- Chapter 4: Electromagnetic Processing of Materials -- Chapter 5: Materials Processing by Use of a High Intensity Magnetic Field -- Appendix -- Notations -- Index. 
520 |a This book is both a course book and a monograph. In fact, it has developed from notes given to graduate course students on materials processing in the years 1989 to 2006. Electromagnetic Processing of Materials (EPM), originates from a branch of materials science and engineering developed in the 1980s as a field aiming to create new materials and/or design processes by making use of various functions which appear when applying the electric and magnetic fields to materials. It is based on transport phenomena, materials processing and magnetohydrodynamics. The first chapter briefly introduces the history, background and technology of EPM. In the second chapter, the concept of transport phenomena is concisely introduced and in the third chapter the essential part of magnetohydrodynamics is transcribed and readers are shown that the concept of transport phenomena does not only apply to heat, mass and momentum, but also magnetic field. The fourth chapter describes electromagnetic processing of electrically conductive materials such as electromagnetic levitation, mixing, brake, and etc., which are caused by the Lorentz force. The fifth chapter treats magnetic processing of organic and non-organic materials such as magnetic levitation, crystal orientation, structural alignment and etc., which are induced by the magnetization force. This part is a new academic field named Magneto-Science, which  focuses on the development of super-conducting magnets. This book is written so as to be understood by any graduate student in engineering courses but also to be of interest to engineers and researchers in industries. 
650 0 |a Materials science. 
650 0 |a Optics. 
650 0 |a Electrodynamics. 
650 0 |a Thermodynamics. 
650 0 |a Heat engineering. 
650 0 |a Heat transfer. 
650 0 |a Mass transfer. 
650 0 |a Fluid mechanics. 
650 0 |a Industrial engineering. 
650 1 4 |a Materials Science. 
650 2 4 |a Materials Science, general. 
650 2 4 |a Optics and Electrodynamics. 
650 2 4 |a Engineering Thermodynamics, Heat and Mass Transfer. 
650 2 4 |a Engineering Fluid Dynamics. 
650 2 4 |a Operating Procedures, Materials Treatment. 
710 2 |a SpringerLink (Online service) 
773 0 |t Springer eBooks 
776 0 8 |i Printed edition:  |z 9789400726444 
830 0 |a Fluid Mechanics and Its Applications,  |x 0926-5112 ;  |v 99 
856 4 0 |u http://dx.doi.org/10.1007/978-94-007-2645-1  |z Full Text via HEAL-Link 
912 |a ZDB-2-PHA 
950 |a Physics and Astronomy (Springer-11651)